Contrario #2 Proverbes - Statistiques

Statistiques générales
  • Ce quiz a été pris 141 fois
  • Le résultat moyen est 10 sur 17
Statistiques - réponses
Contrario Proverbe % Correct
C'est en sculptant qu'on devient sculpteur. C'est en forgeant qu'on devient forgeron.
80%
Pleurera mal qui pleurera le premier. Rira bien qui rira le dernier.
75%
La durée, c'est de la monnaie. Le temps, c'est de l'argent.
73%
Le chapeau fait l'évêque. L'habit ne fait pas le moine.
71%
Caillou qui avance prend du lichen. Pierre qui roule n'amasse pas mousse.
65%
Aucune voie ne va à Milan. Tous les chemins mènent à Rome.
64%
Erreur assumée, totalement punie. Faute avouée, à moitié pardonnée.
63%
Près des oreilles, près du foie. Loin des yeux, loin du cœur.
60%
Nous n'avons jamais besoin d'un plus gros que nous. On a toujours besoin d'un plus petit que soi.
60%
Avant l'orage, le temps gris. Après la pluie, le beau temps.
59%
Passer c'est passer, repasser c'est extorquer. Donner c'est donner, reprendre c'est voler.
55%
Deux pour personne, personne pour deux. Un pour tous, tous pour un.
54%
Le jour soulève mensonge. La nuit porte conseil.
50%
Mieux vaut ne pas acheter les crocs du loup avant de l'avoir ressuscité. Il ne faut pas vendre la peau de l'ours avant de l'avoir tué.
42%
Loisir de pied, loisir de gentil. Jeu de main, jeu de vilain.
40%
Une femme prévenue en égale deux. Un homme averti en vaut deux.
38%
On n'instruit pas au macaque ancien à faire les bêtises. On n'apprend pas au vieux singe à faire les grimaces.
32%
Aucun quiz correspondant
Distribution des résultats
% des personnes avec chaque résultat
Percentile par nombre de réponses
Votre historique - résultats
Vous n’avez pas pris ce quiz